00310nam a2200145Ia 4500008004000000041000800040082001100048100001100059245002700070260002200097650001500119650001300134650000700147700001000154210210b1966 xxu||||| |||| 00| 0 eng d aeng a370/59 aMURPHY aLearning by television aNew Yorkb-c1966 atelevision aLearning aby aGROSS